Robbins and Cotran Pathologic Basis of Disease. (Record no. 236)
[ view plain ]
| 000 -LEADER | |
|---|---|
| fixed length control field | 00888cam a22002894a 4500 |
| 001 - CONTROL NUMBER | |
| control field | 13564540 |
| 003 - CONTROL NUMBER IDENTIFIER | |
| control field | OSt |
| 005 - DATE AND TIME OF LATEST TRANSACTION | |
| control field | 20260402135619.0 |
| 008 - FIXED-LENGTH DATA ELEMENTS--GENERAL INFORMATION | |
| fixed length control field | 040420s2005 paua b 001 0 eng |
| 010 ## - LIBRARY OF CONGRESS CONTROL NUMBER | |
| LC control number | 2004046835 |
| 020 ## - INTERNATIONAL STANDARD BOOK NUMBER | |
| International Standard Book Number | 0721601871 |
| 035 ## - SYSTEM CONTROL NUMBER | |
| System control number | (DNLM)101214483 |
| 040 ## - CATALOGING SOURCE | |
| Original cataloging agency | DNLM/DLC |
| Transcribing agency | DLC |
| Modifying agency | DLC |
| 042 ## - AUTHENTICATION CODE | |
| Authentication code | pcc |
| 050 00 - LIBRARY OF CONGRESS CALL NUMBER | |
| Classification number | RB111 |
| Item number | .R62 2005 |
| 082 00 - DEWEY DECIMAL CLASSIFICATION NUMBER | |
| Classification number | QZ 4 K96r 2005 |
| 100 ## - MAIN ENTRY--PERSONAL NAME | |
| Personal name | edited by] Vinay, Kumar; Abul K. Abbas; Nelson Fausto |
| 9 (RLIN) | 11201 |
| 245 00 - TITLE STATEMENT | |
| Title | Robbins and Cotran Pathologic Basis of Disease. |
| 250 ## - EDITION STATEMENT | |
| Edition statement | 7th ed. |
| 260 ## - PUBLICATION, DISTRIBUTION, ETC. (IMPRINT) | |
| Place of publication, distribution, etc. | Philadelphia : |
| Name of publisher, distributor, etc. | Elsevier Saunders, |
| Date of publication, distribution, etc. | c2005. |
| 300 ## - PHYSICAL DESCRIPTION | |
| Extent | xv, 1525 p. : |
| Other physical details | col.ill.; |
| Dimensions | 29 cm. + |
| Accompanying material | 1 CD-ROM |
| 504 ## - BIBLIOGRAPHY, ETC. NOTE | |
| Bibliography, etc | Includes bibliographical references and index. |
| 650 #0 - SUBJECT ADDED ENTRY--TOPICAL TERM | |
| Topical term or geographic name as entry element | Pathology. |
| 9 (RLIN) | 37 |
| 650 #0 - SUBJECT ADDED ENTRY--TOPICAL TERM | |
| Topical term or geographic name as entry element | Pathologic diseases |
| 9 (RLIN) | 19572 |
| 906 ## - LOCAL DATA ELEMENT F, LDF (RLIN) | |
| a | 7 |
| b | cbc |
| c | orignew |
| d | 1 |
| e | ocip |
| f | 20 |
| g | y-gencatlg |
| 942 ## - ADDED ENTRY ELEMENTS (KOHA) | |
| Source of classification or shelving scheme | Other/Generic Classification Scheme |
| Koha item type | Book Bank |
| Koha issues (borrowed), all copies | 3 |
| Withdrawn status | Lost status | Source of classification or shelving scheme | Damaged status | Not for loan | Home library | Current library | Date acquired | Source of acquisition | Inventory number | Total Checkouts | Full call number | Barcode | Date last seen | Date last checked out | Koha item type | Checked out |
|---|---|---|---|---|---|---|---|---|---|---|---|---|---|---|---|---|
| Other/Generic Classification Scheme | MUST Main Library | MUST Main Library | 16/07/2014 | 06/26966 | 2 | QZ 4 K96r 2005 | 2014-0879 | 19/09/2025 | 05/09/2025 | Book Bank | ||||||
| Other/Generic Classification Scheme | MUST Main Library | MUST Main Library | 16/07/2014 | 06/26965 | 4 | QZ 4 K96r 2005 | 2014-0890 | 23/05/2025 | 13/02/2025 | Book Bank | ||||||
| Other/Generic Classification Scheme | MUST Main Library | MUST Main Library | 16/07/2014 | 06/26961 | 4 | QZ 4 K96r 2005 | 2014-0891 | 30/09/2022 | 12/07/2022 | Book Bank | ||||||
| Other/Generic Classification Scheme | MUST Main Library | MUST Main Library | 16/07/2014 | 06/26963 | 2 | QZ 4 K96r 2005 | 2014-0892 | 12/10/2022 | 11/07/2022 | Book Bank | ||||||
| Other/Generic Classification Scheme | MUST Main Library | MUST Main Library | 16/07/2014 | 06/26962 | 5 | QZ 4 K96r 2005 | 2014-0895 | 13/02/2025 | 13/02/2025 | Book Bank | 12/05/2025 | |||||
| Other/Generic Classification Scheme | MUST Main Library | MUST Main Library | 17/07/2014 | 06/26964 | 4 | QZ 4 K96r 2005 | 2014-0953 | 17/11/2025 | 07/10/2025 | Book Bank | ||||||
| Other/Generic Classification Scheme | MUST Main Library | MUST Main Library | 17/07/2014 | 06/26968 | 5 | QZ 4 K96r 2005 | 2014-0954 | 03/03/2026 | 03/03/2026 | Book Bank | 30/04/2026 | |||||
| Other/Generic Classification Scheme | MUST Main Library | MUST Main Library | 17/07/2014 | 06/26969 | 1 | QZ 4 K96r 2005 | 2014-0955 | 18/05/2024 | 29/02/2024 | Book Bank | ||||||
| Other/Generic Classification Scheme | MUST Main Library | MUST Main Library | 11/10/2019 | Purchase | 06/26967 | 3 | QZ 4 K96r 2005 | 2019-0537 | 06/06/2024 | 02/02/2022 | Book Bank |
